000 00586nam a22001817a 4500
003 UA-OsUOA
001 14643
007 ta
008 20031014b un ||||| |||| 00| 0 ukr d
100 _aДенисюк М.
942 _cSA
040 _aUA-OsUOA
_cUA-OsUOA
_dUA-OsUOA
245 _aЗустріч з автопортретом : Спогад [втора про зустріч з поетом Г.Чубаєм]
300 _aС.3
955 _a0
773 0 _w0
_tВісті Рівненщини
_dРівне
_d2003
_g№83/8 жовт./
650 7 _aКраєзнавча робота
_2UDC
999 _c300807
_d300807